Psicología de la liberación en el contexto de la globalización neoliberal: acciones, reflexiones y desafíos /

Uloženo v:
Podrobná bibliografie
Hlavní autor: Dobles Oropeza, Ignacio
Další autoři: Baltodano Arróliga, Sara, Leandro Zúñiga, Vilma
Médium: Neznámo
Vydáno: San José: Editorial UCR
Tagy: Přidat tag
Žádné tagy, Buďte první, kdo vytvoří štítek k tomuto záznamu!

MARC

LEADER 00000 a2200000 04500
001 36108
003
008 991231s d
040
020 |a 978-9968-46-034-7  
022 |a 978-9968-46-034-7  
090 |a PS0001 D633p  
100 |a Dobles Oropeza, Ignacio  
245 |a Psicología de la liberación en el contexto de la globalización neoliberal: acciones, reflexiones y desafíos /  |c Ignacio Dobles Oropeza 
260 |a San José:   |b Editorial UCR  
300 |a 397 p.  
700 |a Baltodano Arróliga, Sara  
700 |a Leandro Zúñiga, Vilma  
999 |c 15139  |d 15139